Nhảy xa
Kỹ thuật nhảy xa, các phương pháp huấn luyện vận động viênmôn nhảy xa và kế hoạch tập luyện môn nhảy xa
Guardado en:
| Autor principal: | |
|---|---|
| Otros Autores: | |
| Formato: | Libro |
| Lenguaje: | Vietnamese |
| Publicado: |
H.
Thể dục thể thao
1984
|
| Materias: | |
| Etiquetas: |
Agregar Etiqueta
Sin Etiquetas, Sea el primero en etiquetar este registro!
|
| Thư viện lưu trữ: | Mạng thư viện Đại học Đà Nẵng |
|---|
| LEADER | 01238nam a2200361 4500 | ||
|---|---|---|---|
| 001 | 000009455 | ||
| 003 | 5652 | ||
| 005 | 20111027151033.0 | ||
| 008 | 111027s1984 viesd | ||
| 041 | 0 | |a vie | |
| 082 | |a 796.432 |b PO-V | ||
| 100 | 0 | |a Pôpôp, V.B. | |
| 245 | 0 | |a Nhảy xa |c V.B. Pôpôp; dịch: Quang Hưng | |
| 260 | |a H. |b Thể dục thể thao |c 1984 | ||
| 300 | |a 120tr. |c 19 cm | ||
| 500 | |a Dịch từ tiếng Nga | ||
| 520 | |a Kỹ thuật nhảy xa, các phương pháp huấn luyện vận động viênmôn nhảy xa và kế hoạch tập luyện môn nhảy xa | ||
| 653 | |a Kĩ thuật | ||
| 653 | |a Nhảy xa | ||
| 653 | |a Huấn luyện | ||
| 653 | |a Thể thao | ||
| 700 | |a Quang Hưng |e Dịch | ||
| 910 | |a Võ Quang Huy |d 27/10/2011 | ||
| OWN | |a LSP | ||
| AVA | |a UDN50 |b LSP |d 796.432 PO-V |e unavailable |t Error 5002 Not defined in file expand_doc_bib_avail. |f 3 |g 3 |h N |i 0 |k 1 | ||
| 999 | |a From the UDN01 | ||
| AVA | |a UDN50 |b LSP |d 796.432 PO-V |e unavailable |t Error 5002 Not defined in file expand_doc_bib_avail. |f 3 |g 3 |h N |i 0 |k 1 | ||
| TYP | |a Monograph | ||
| TYP | |a Printed language | ||
| 980 | |a Mạng thư viện Đại học Đà Nẵng | ||